| 000 | 00549nam a2200121Ia 4500 | ||
|---|---|---|---|
| 008 | 160712s9999 xx 000 0 und d | ||
| 100 | _aGenetic Resources Action International (GRAIN) | ||
| 245 |
_cGenetic Resources Action International (GRAIN) _aThe New Farm Owners: Corporate Investors Lead the Rush for Control of Overseas Farmlands |
||
| 260 |
_c2011 _bKasarinlan Philippine Journal of Third World Studies |
||
| 300 | _avol. 26 no. 1-2 | ||
| 650 | _xINDEPENDENCE | ||
| 856 | _uhttp://journals.upd.edu.ph/index.php/kasarinlan/issue/view/331/showToc | ||
| 999 |
_c297620 _d297620 |
||